[Event "Trophee Roza Lallemand Online"]
[Site "Tornelo INT"]
[Date "2020.12.13"]
[Round "3"]
[White "Castagnerol, Cerise"]
[Black "Peyre, Camille"]
[Result "0-1"]
[WhiteElo "1010"]
[BlackElo "1922"]
[PlyCount "112"]
[EventDate "2020.12.13"]
[EventType "swiss (rapid)"]
[EventRounds "9"]
[EventCountry "USA"]
[SourceTitle "EXT 2022"]
[Source "ChessBase"]
[SourceDate "2021.10.06"]
[SourceVersion "1"]
[SourceVersionDate "2021.10.06"]
[SourceQuality "1"]

1. d4 Nf6 2. c4 e6 3. Nf3 b6 4. g3 Bb7 5. Bg2 Be7 6. 0-0 0-0 7. Qc2 d6 8. Nbd2 Nbd7 9. e4 e5 10. b3 a5 11. Bb2 exd4 12. Nxd4 Nc5 13. Nf5 Qd7 14. Nxe7+ Qxe7 15. Rfe1 Nfd7 16. Re2 Ne5 17. Bxe5 dxe5 18. Rae1 Rfd8 19. Qc3 Rd3 20. Qc2 Rad8 21. Nb1 Qf6 22. Rd2 Rxd2 23. Nxd2 Nd3 24. Re2 Qd6 25. Re3 Nb4 26. Qc3 Qxd2 27. Qxe5 Qd1+ 28. Bf1 Qd7 29. a3 Nc6 30. Qg5 Re8 31. Rd3 Qe6 32. f3 h6 33. Qe3 Ne5 34. Rd4 c5 35. Rd2 Nc6 36. Rd3 Nd4 37. Bg2 Kh8 38. Kf2 f5 39. exf5 Qxe3+ 40. Rxe3 Rxe3 41. Kxe3 Nxf5+ 42. Kf4 Nd4 43. Ke3 Nxb3 44. Kf4 Nd4 45. g4 b5 46. cxb5 Nxb5 47. Ke5 Nxa3 48. Bf1 Bxf3 49. h3 c4 50. Kd4 Bb7 51. Kc3 Ba6 52. Kb2 c3+ 53. Kxa3 Bxf1 54. Kb3 Bxh3 55. Kxc3 Bxg4 56. Kc4 h5 0-1

[Event "Metz op 31th"]
[Site "Metz"]
[Date "2013.07.25"]
[Round "8"]
[White "Fantin, Ludwig"]
[Black "Peyre, Camille"]
[Result "1-0"]
[WhiteElo "2271"]
[BlackElo "1982"]
[PlyCount "97"]
[EventDate "2013.04.20"]
[EventType "swiss"]
[EventRounds "9"]
[EventCountry "FRA"]
[SourceTitle "EXT 2016"]
[Source "ChessBase"]
[SourceDate "2015.10.08"]
[SourceVersion "1"]
[SourceVersionDate "2015.10.08"]
[SourceQuality "1"]

1. d4 f5 2. c4 Nf6 3. Nf3 e6 4. g3 Bb4+ 5. Bd2 Bxd2+ 6. Nfxd2 Nc6 7. e3 0-0 8. Bg2 d6 9. Nb3 Qe8 10. Nc3 Kh8 11. Qe2 e5 12. Bxc6 Qxc6 13. d5 Qe8 14. 0-0-0 a6 15. f3 Bd7 16. c5 a5 17. Qc4 a4 18. Na1 b5 19. cxb6 cxb6 20. Nc2 b5 21. Qb4 Qb8 22. Na3 Rc8 23. Kb1 Rc5 24. h3 Ne8 25. Rc1 Nc7 26. Ne2 Nxd5 27. Qd2 Be6 28. Ka1 Qb6 29. e4 Nf6 30. exf5 Bxf5 31. g4 Be6 32. Rxc5 dxc5 33. g5 Nd5 34. Ng3 Nb4 35. Qe2 Bxa2 36. Qxe5 Bg8 37. h4 Nd3 38. Qe3 b4 39. Qxd3 bxa3 40. Qxa3 c4 41. h5 c3 42. bxc3 Qf2 43. h6 Ra7 44. hxg7+ Rxg7 45. Ne4 Qxf3 46. Re1 Bb3 47. Qb2 Kg8 48. Nd6 Rd7 49. Re8+ 1-0

[Event "Metz op 31th"]
[Site "Metz"]
[Date "2013.04.23"]
[Round "5"]
[White "Doluhanova, Evgeniya"]
[Black "Peyre, Camille"]
[Result "1-0"]
[WhiteElo "2332"]
[BlackElo "1982"]
[PlyCount "55"]
[EventDate "2013.04.20"]
[EventType "swiss"]
[EventRounds "9"]
[EventCountry "FRA"]
[SourceTitle "EXT 2016"]
[Source "ChessBase"]
[SourceDate "2015.10.08"]
[SourceVersion "1"]
[SourceVersionDate "2015.10.08"]
[SourceQuality "1"]

1. e4 c5 2. Nf3 e6 3. d4 cxd4 4. Nxd4 a6 5. Bd3 Bc5 6. Nb3 Ba7 7. 0-0 Nc6 8. Nc3 d6 9. Qe2 Nf6 10. Be3 Bxe3 11. Qxe3 0-0 12. Rad1 b5 13. h3 b4 14. Ne2 Qc7 15. Kh1 e5 16. f4 Bb7 17. Ng3 Ne7 18. fxe5 Ne8 19. exd6 Nxd6 20. Nh5 Ng6 21. Qd4 f6 22. Nc5 Rfe8 23. Nxb7 Nxb7 24. Bc4+ Kh8 25. Nxf6 gxf6 26. Qxf6+ Qg7 27. Qxg7+ Kxg7 28. Rf7+ 1-0

[Event "Breizh Masters (Women)"]
[Site "Guingamp"]
[Date "2009.02.14"]
[Round "2"]
[White "Budrewicz, Krzysztof"]
[Black "Peyre, Camille"]
[Result "1-0"]
[WhiteElo "2356"]
[BlackElo "1902"]
[PlyCount "75"]
[EventDate "2009.02.13"]
[EventType "tourn"]
[EventRounds "9"]
[EventCountry "FRA"]
[SourceTitle "CBM 128 Extra"]
[Source "ChessBase"]
[SourceDate "2009.03.05"]
[SourceVersion "2"]
[SourceVersionDate "2009.03.25"]
[SourceQuality "1"]

1. d4 Nf6 2. c4 e6 3. a3 d5 4. Nc3 Be7 5. Nf3 0-0 6. Bf4 a6 7. c5 Nbd7 8. h3 Ne4 9. Rc1 Ndf6 10. e3 Bd7 11. Qb3 Rb8 12. Ne5 Nxc3 13. Nxd7 Qxd7 14. Qxc3 Ne4 15. Qc2 Qc8 16. Bd3 f5 17. 0-0 Ra8 18. f3 Nf6 19. c6 b6 20. g4 Ne8 21. Be5 Bd6 22. e4 g6 23. gxf5 Bxe5 24. dxe5 gxf5 25. Kh2 Ng7 26. Rg1 Kh8 27. Qg2 Rg8 28. Qg5 dxe4 29. fxe4 Qd8 30. Qxd8 Rgxd8 31. Rcd1 a5 32. exf5 Nxf5 33. Bxf5 exf5 34. Rd7 Re8 35. Rxc7 Rxe5 36. Rd7 Rc5 37. c7 Rc2+ 38. Rg2 1-0

[Event "Fouesnant op 14th"]
[Site "Fouesnant"]
[Date "2008.10.26"]
[Round "2"]
[White "Tirard, Hugo"]
[Black "Peyre, Camille"]
[Result "1-0"]
[WhiteElo "2434"]
[BlackElo "1850"]
[PlyCount "49"]
[EventDate "2008.10.25"]
[EventType "swiss"]
[EventRounds "9"]
[EventCountry "FRA"]
[SourceTitle "EXT 2009"]
[Source "ChessBase"]
[SourceDate "2008.11.26"]
[SourceVersion "1"]
[SourceVersionDate "2008.11.26"]
[SourceQuality "1"]

1. e4 c5 2. Nf3 e6 3. d4 cxd4 4. Nxd4 a6 5. Nc3 Qc7 6. Be3 Nf6 7. f3 Bb4 8. Qd2 0-0 9. g4 d5 10. g5 Nfd7 11. exd5 exd5 12. a3 Bxc3 13. Qxc3 Qxc3+ 14. bxc3 Ne5 15. Bf4 Nc4 16. Kf2 Nd7 17. h4 b6 18. h5 Bb7 19. Nf5 Nde5 20. Ne7+ Kh8 21. Re1 Nd7 22. h6 g6 23. Bxc4 dxc4 24. Rd1 Rad8 25. Bc7 1-0

[Event "Morbihan-ch 0607"]
[Site "Morbihan"]
[Date "2007.03.10"]
[Round "6"]
[White "Tonal, Jean Jacques"]
[Black "Peyre, Camille"]
[Result "0-1"]
[WhiteElo "1560"]
[BlackElo "1807"]
[PlyCount "60"]
[EventDate "2006.10.21"]
[EventType "swiss"]
[EventRounds "7"]
[EventCountry "FRA"]
[SourceTitle "EXT 2009"]
[Source "ChessBase"]
[SourceDate "2008.11.26"]
[SourceVersion "1"]
[SourceVersionDate "2008.11.26"]
[SourceQuality "1"]

1. f4 e5 2. fxe5 d6 3. Nf3 dxe5 4. e4 Nc6 5. Bb5 Bd7 6. Bxc6 Bxc6 7. Nc3 Bd6 8. d3 Ne7 9. Be3 0-0 10. 0-0 Ng6 11. Qe2 Qe7 12. Nd5 Bxd5 13. exd5 Bc5 14. Kh1 f6 15. Bxc5 Qxc5 16. c4 Nf4 17. Qd2 c6 18. b4 Qd6 19. g3 Ng6 20. dxc6 Qxc6 21. Qc3 Rfe8 22. b5 Qe6 23. Rae1 Qf7 24. Kg2 b6 25. Nd2 Qb7+ 26. Kg1 Rad8 27. Nf3 Ne7 28. Nh4 Rd4 29. Nf5 Nxf5 30. Rxf5 Red8 0-1